| 000 | 01247nam2a2200289 4500 | ||
|---|---|---|---|
| 001 | RU\NLR\bibl\2000776 | ||
| 005 | 20260408093506.0 | ||
| 010 |
_a978-5-91373-023-7 _9300 |
||
| 021 |
_aRU _b2013-5705 _9406 |
||
| 035 | _a(NLR Aleph) 001989512 | ||
| 090 |
_a4204693 _c4204693 |
||
| 100 | _a20130214d2009 |||y0rusy50 ca | ||
| 101 | 0 | _arus | |
| 102 | _aRU | ||
| 105 | _aac ||||||||| | ||
| 200 | 0 | _aВып. 4 | |
| 210 |
_aСанкт-Петербург _cПетроний _d2009 |
||
| 215 |
_a204 с. _cил., портр. |
||
| 300 | _aНа авантит. и обл.: 285 лет Российскому гос. архиву Военно-Морского Флота | ||
| 320 | _aБиблиогр. в примеч. в конце ст. | ||
| 461 | 0 |
_1001RU\NLR\bibl\400709 _12001#$aЕлагинские чтения$vВып. 4 _9538695 _aЕлагинские чтения (1 ; 2001 ; Санкт-Петербург) _cСПб. _d2003 _nОстров _o[Сб. докл.] _tЕлагинские чтения _vВып. 4 |
|
| 711 | 1 | 2 |
_aЕлагинские чтения _d4 _f2009 _eСанкт-Петербург _3RU\NLR\AUTH\8810233827 _9352823 |
| 801 | 0 |
_aRU _bNLR _c20130214 _gRCR |
|
| 801 | 1 |
_aRU _bNLR _c20130214 |
|
| 942 | _cBOOK | ||
| 980 | _aNB | ||